000 00768nam a22002177a 4500
999 _c17211
_d17211
003 AR-CdUCM
008 190507b ||||| |||| 00| 0 spa d
040 _aMUNICIPALIDAD PROVINCIAL DEL CUSCO
_cBIBLIOTECA MUNICIPAL DEL CUSCO
082 _a305.8009 /
_bI42
100 _aImbelloni, José
_934553
245 _aEpítome de culturología /
260 _aBuenos Aires :
_bNova,
_c1953.
300 _a356 páginas ;
_c20 cm.
440 _aPropedéutica
_n1
_937087
505 _aContenido: Concepto de cultura como entidad vital autónoma -- Elaboración etnologica y su método -- Ámbitos y ciclos culturales...
650 _aCultura
_9126
650 _aCiencias sociales
_91096
650 _aAntropología
_9878
942 _2ddc
_cLIBROS
945 _adavv
_d07/05/2019